| Tag |
First Indicator |
Second Indicator |
Subfields |
| LEADER |
00000cam a2200000 a 4500 |
| 001 |
in00001050321 |
| 005 |
20150929083758.0 |
| 008 |
901128s1991 enk b 001 0 eng |
| 010 |
|
|
|a 90025932
|
| 020 |
|
|
|a 0521374472
|
| 035 |
|
|
|a (OCoLC)22889881
|
| 035 |
|
|
|9 AFK2924AM
|
| 040 |
|
|
|a DLC
|c DLC
|d TXA
|d UtOrBLW
|
| 043 |
|
|
|a e-gr---
|
| 049 |
|
|
|a TXAM
|
| 050 |
0 |
0 |
|a HQ32
|b .C64 1991
|
| 082 |
0 |
0 |
|a 306.7/09495/12
|2 20
|
| 100 |
1 |
|
|a Cohen, David
|q (David J.)
|
| 245 |
1 |
0 |
|a Law, sexuality, and society :
|b the enforcement of morals in classical Athens /
|c David Cohen.
|
| 264 |
|
1 |
|a Cambridge [England] ;
|a New York :
|b Cambridge University Press,
|c 1991.
|
| 300 |
|
|
|a xii, 259 pages ;
|c 24 cm.
|
| 336 |
|
|
|a text
|b txt
|2 rdacontent
|
| 337 |
|
|
|a unmediated
|b n
|2 rdamedia
|
| 338 |
|
|
|a volume
|b nc
|2 rdacarrier
|
| 504 |
|
|
|a Includes bibliographical references (pages 241-255) and index.
|
| 650 |
|
0 |
|a Sexual ethics
|z Greece
|z Athens
|x History.
|
| 650 |
|
0 |
|a Sex and law
|z Greece
|z Athens
|x History.
|
| 999 |
|
|
|a MARS
|
| 999 |
f |
f |
|s b3e4ed1d-dfe2-3a88-b653-2e465d6be7fc
|i cb274aa2-9acd-3e4c-9d1d-0cc6a0223392
|t 0
|
| 952 |
f |
f |
|p ric
|a Texas A&M University
|b Rellis Campus
|c Joint Library Facility
|d Remote Storage
|t 0
|e HQ32 .C64 1991
|h Library of Congress classification
|i unmediated -- volume
|m A14815532564
|
| 998 |
f |
f |
|a HQ32 .C64 1991
|t 0
|l Remote Storage
|